Haccp in Meat, Poultry and Fish Processing:Advances in Meat Research Series V-10 (Record no. 21961)

MARC details
000 -LEADER
fixed length control field 00458nam a22001577a 4500
003 - CONTROL NUMBER IDENTIFIER
control field OSt
005 - DATE AND TIME OF LATEST TRANSACTION
control field 20211208164310.0
008 - FIXED-LENGTH DATA ELEMENTS--GENERAL INFORMATION
fixed length control field 211208b |||||||| |||| 00| 0 eng d
020 ## - INTERNATIONAL STANDARD BOOK NUMBER
International Standard Book Number 0-8342-1327-3
040 ## - CATALOGING SOURCE
Transcribing agency Hawassa University
050 ## - LIBRARY OF CONGRESS CALL NUMBER
Classification number 664.93/HAC
Item number 9
082 ## - DEWEY DECIMAL CLASSIFICATION NUMBER
Classification number 664.93/HAC
Item number 9
245 ## - TITLE STATEMENT
Title Haccp in Meat, Poultry and Fish Processing:Advances in Meat Research Series V-10
260 ## - PUBLICATION, DISTRIBUTION, ETC.
Place of publication, distribution, etc. New York
Name of publisher, distributor, etc. An Aspen Publication
Date of publication, distribution, etc. 1999
942 ## - ADDED ENTRY ELEMENTS (KOHA)
Source of classification or shelving scheme Dewey Decimal Classification
Koha item type Books like text book referance book
Suppress in OPAC No
Holdings
Withdrawn status Lost status Source of classification or shelving scheme Damaged status Not for loan Home library Current library Date acquired Total Checkouts Full call number Barcode Date last seen Copy number Price effective from Koha item type
    Dewey Decimal Classification     College of Agriculture Library College of Agriculture Library 12/08/2021   664.93/HAC ALIB0004684 12/08/2021 1 12/08/2021 Books like text book referance book
    Dewey Decimal Classification     College of Agriculture Library College of Agriculture Library 12/08/2021   664.93/HAC ALIB0004685 12/08/2021 2 12/08/2021 Books like text book referance book
    Dewey Decimal Classification     College of Agriculture Library College of Agriculture Library 12/08/2021   664.93/HAC ALIB0004686 12/08/2021 4 12/08/2021 Books like text book referance book
    Dewey Decimal Classification     College of Agriculture Library College of Agriculture Library 12/08/2021   664.93/HAC ALIB0004687 12/08/2021 5 12/08/2021 Books like text book referance book
    Dewey Decimal Classification     College of Agriculture Library College of Agriculture Library 12/08/2021   664.93/HAC ALIB0004688 12/08/2021 6 12/08/2021 Books like text book referance book
    Dewey Decimal Classification     College of Agriculture Library College of Agriculture Library 12/08/2021   664.93/HAC ALIB0004689 12/08/2021 7 12/08/2021 Books like text book referance book
    Dewey Decimal Classification     College of Agriculture Library College of Agriculture Library 12/08/2021   664.93/HAC ALIB0004690 12/08/2021 8 12/08/2021 Books like text book referance book
    Dewey Decimal Classification     College of Agriculture Library College of Agriculture Library 12/08/2021   664.93/HAC ALIB0004691 12/08/2021 9 12/08/2021 Books like text book referance book
    Dewey Decimal Classification     College of Agriculture Library College of Agriculture Library 12/08/2021   664.93/HAC ALIB0004692 12/08/2021 10 12/08/2021 Books like text book referance book